000 00318nam a2200133Ia 4500
005 20260328104309.0
008 260328s9999||||xx |||||||||||||| ||und||
100 _aBroto, Carles
245 0 _aDiseƱo de Hoteles 1000 Ideas /
_cCarles Broto
260 _bLinks
300 _a353 p.
650 _aHOTELES
942 _cBK
999 _c10894
_d10894